All the US States-20 second sprint - Statistics

General Stats
  • This quiz has been taken 18 times
  • The average score is 16 of 50
Answers on the Map
Answers color-coded by a green-red scale on the quiz's map according to % correct below.
 
Answer Stats
Answer % Correct
Colorado
75%
Oregon
75%
Washington
75%
Alaska
63%
Arizona
63%
California
63%
Georgia
63%
Hawaii
63%
Idaho
63%
Iowa
63%
Nevada
63%
Ohio
63%
Florida
50%
Illinois
50%
Indiana
50%
Michigan
50%
Texas
50%
Utah
50%
Maine
38%
Virginia
38%
Wisconsin
38%
Wyoming
38%
Alabama
25%
Arkansas
25%
Kansas
25%
Minnesota
25%
Montana
25%
New York
25%
Oklahoma
25%
Tennessee
25%
Connecticut
13%
Delaware
13%
Kentucky
13%
Louisiana
13%
Maryland
13%
Missouri
13%
Nebraska
13%
New Hampshire
13%
New Jersey
13%
New Mexico
13%
North Carolina
13%
North Dakota
13%
Pennsylvania
13%
Vermont
13%
Massachusetts
0%
Mississippi
0%
Rhode Island
0%
South Carolina
0%
South Dakota
0%
West Virginia
0%
No matching quizzes found
Score Distribution
Percent of People with Each Score
Percentile by Number Answered
Your Score History
You have not taken this quiz